<?xml version="1.0" encoding="UTF-8"?><?xml-stylesheet type="text/xsl" href="static/style.xsl"?><OAI-PMH xmlns="http://www.openarchives.org/OAI/2.0/" xmlns:xsi="http://www.w3.org/2001/XMLSchema-instance" xsi:schemaLocation="http://www.openarchives.org/OAI/2.0/ http://www.openarchives.org/OAI/2.0/OAI-PMH.xsd"><responseDate>2026-04-14T19:37:55Z</responseDate><request verb="GetRecord" identifier="oai:uvadoc.uva.es:10324/6477" metadataPrefix="marc">https://uvadoc.uva.es/oai/request</request><GetRecord><record><header><identifier>oai:uvadoc.uva.es:10324/6477</identifier><datestamp>2025-02-13T13:18:21Z</datestamp><setSpec>com_10324_38</setSpec><setSpec>col_10324_852</setSpec></header><metadata><record xmlns="http://www.loc.gov/MARC21/slim" xmlns:doc="http://www.lyncode.com/xoai" xmlns:xsi="http://www.w3.org/2001/XMLSchema-instance" xmlns:dcterms="http://purl.org/dc/terms/" xsi:schemaLocation="http://www.loc.gov/MARC21/slim http://www.loc.gov/standards/marcxml/schema/MARC21slim.xsd">
<leader>00925njm 22002777a 4500</leader>
<datafield tag="042" ind1=" " ind2=" ">
<subfield code="a">dc</subfield>
</datafield>
<datafield tag="720" ind1=" " ind2=" ">
<subfield code="a">Díez Díaz, Almudena</subfield>
<subfield code="e">author</subfield>
</datafield>
<datafield tag="260" ind1=" " ind2=" ">
<subfield code="c">2014</subfield>
</datafield>
<datafield tag="520" ind1=" " ind2=" ">
<subfield code="a">El propósito de este Trabajo Fin de Grado es estudiar el comportamiento de la productividad laboral en Castilla y León por trimestre entre los años 2000 y 2013, definiendo como productividad laboral el cociente de la producción y el número de trabajadores (ocupados).&#xd;
Antes de analizar el comportamiento de la productividad laboral se realizará un estudio sobre la evolución de las variables que influyen sobre la misma, que nos ayudará posteriormente a comprender la evolución de la productividad.&#xd;
Una vez realizada la evolución de la productividad, nos detendremos en la búsqueda de un modelo que nos ayude a analizar y predecir el comportamiento de la productividad tanto en Castilla y León como a nivel nacional.&#xd;
Todos los estudios se realizarán sobre el total de la productividad y por sector de actividad. Los sectores de actividad que se han incluido en el estudio son: sector primario (que reúne a la agricultura, ganadería y pesca), sector industrial, sector construcción y sector servicios.</subfield>
</datafield>
<datafield tag="024" ind2=" " ind1="8">
<subfield code="a">http://uvadoc.uva.es/handle/10324/6477</subfield>
</datafield>
<datafield ind1=" " ind2=" " tag="653">
<subfield code="a">Productividad laboral - España - Castilla y León</subfield>
</datafield>
<datafield tag="245" ind1="0" ind2="0">
<subfield code="a">Estudio de la productividad laboral en Castilla y León</subfield>
</datafield>
</record></metadata></record></GetRecord></OAI-PMH>